Učitavanje...

Malayala sahityavum christianikalum /

Bibliografski detalji
Glavni autor: Thomas, P J
Format: Printed Book
Izdano: Kottayam : National book stall, 1961.
LEADER 00413nam a22001097a 4500
082 |a 894.81209  |b THO.M 
100 |a Thomas, P J 
245 |a Malayala sahityavum christianikalum /  |c by P J Thomas 
260 |a Kottayam :  |b National book stall,  |c 1961. 
942 |c BK 
999 |c 316144  |d 316144 
952 |0 0  |1 0  |4 0  |6 894_812090000000000_THO_M  |7 0  |8 MAL  |9 338146  |a POL  |b POL  |c GEN  |d 2020-12-02  |l 0  |o 894.81209 THO.M  |p POL3876  |r 2020-12-02  |w 2020-12-02  |y BK